| 000 | 00640nam a22002297a 4500 | ||
|---|---|---|---|
| 003 | OSt | ||
| 005 | 20170217192948.0 | ||
| 008 | 140815b xxu||||| |||| 00| 0 eng d | ||
| 020 | _a9780443063770 | ||
| 020 | _a0443063788 | ||
| 040 | _cDLC | ||
| 082 | _aWH100 D177v 2002 | ||
| 100 |
_aEdited by Mitchell, Lewis S.; Barbara J. Bain; Imelda, Bates _911270 |
||
| 245 | _aDacie and Lewis Practical Haematology | ||
| 250 | _a9th ed. | ||
| 260 |
_alondon; _bChurchill, _c2001 |
||
| 300 |
_axi,633 p.: _bcol.ill; _c27 cm. |
||
| 504 | _aReferences & index included | ||
| 650 |
_aHaematology _9898 |
||
| 650 |
_aBlood _92982 |
||
| 942 |
_2z _cB_BANK |
||
| 999 |
_c349 _d349 |
||